Bonboniéra pre Belindu ; Špeciálne po španielsky ; Haló, haló... ste to vy, Plotsky? (Record no. 20693)
[ view plain ]
| 000 -LEADER | |
|---|---|
| fixed length control field | 02214cam a2200541 a 4500 |
| 001 - CONTROL NUMBER | |
| control field | 20693 |
| 003 - CONTROL NUMBER IDENTIFIER | |
| control field | VRT |
| 005 - DATE AND TIME OF LATEST TRANSACTION | |
| control field | 20260129153638.0 |
| 008 - FIXED-LENGTH DATA ELEMENTS--GENERAL INFORMATION | |
| fixed length control field | 130620s1984 xo g 0000f slo |
| 015 ## - NATIONAL BIBLIOGRAPHY NUMBER | |
| National bibliography number | SNBA1984/08 |
| 020 ## - INTERNATIONAL STANDARD BOOK NUMBER | |
| Qualifying information | (viaz.) |
| 035 ## - SYSTEM CONTROL NUMBER | |
| System control number | SNK000062146 |
| 039 #9 - LEVEL OF BIBLIOGRAPHIC CONTROL AND CODING DETAIL [OBSOLETE] | |
| Level of rules in bibliographic description | 202512141718 |
| Level of effort used to assign nonsubject heading access points | AUTHORITY |
| Level of effort used to assign subject headings | 202409101519 |
| Level of effort used to assign classification | csnk01 |
| Level of effort used to assign subject headings | 202409101518 |
| Level of effort used to assign classification | csnk01 |
| Level of effort used to assign subject headings | 202409101518 |
| Level of effort used to assign classification | csnk01 |
| 040 ## - CATALOGING SOURCE | |
| Original cataloging agency | SNK |
| Language of cataloging | slo |
| Transcribing agency | SNK |
| Description conventions | AACR2 |
| 041 0# - LANGUAGE CODE | |
| Language code of text/sound track or separate title | slo |
| Language code of original | dut |
| 044 ## - COUNTRY OF PUBLISHING/PRODUCING ENTITY CODE | |
| MARC country code | xo |
| ISO country code | SK |
| 080 ## - UNIVERSAL DECIMAL CLASSIFICATION NUMBER | |
| Universal Decimal Classification number | 839.3-3 |
| Edition identifier | 1981 |
| 100 1# - MAIN ENTRY--PERSONAL NAME | |
| Personal name | Heeresma, Faber, |
| Dates associated with a name | 1939-1969 |
| Relationship | aut |
| 245 1# - TITLE STATEMENT | |
| Title | Bonboniéra pre Belindu ; Špeciálne po španielsky ; Haló, haló... ste to vy, Plotsky? |
| Statement of responsibility, etc. | Faber a Heere Heeresma ; z holandských originálov preložila Júlia Májeková |
| 250 ## - EDITION STATEMENT | |
| Edition statement | 1. vyd. |
| 260 ## - PUBLICATION, DISTRIBUTION, ETC. | |
| Place of publication, distribution, etc. | Bratislava |
| Name of publisher, distributor, etc. | Slovenský spisovateľ |
| Date of publication, distribution, etc. | 1984 |
| Place of manufacture | Trnava |
| Manufacturer | Polygrafické závody |
| 300 ## - PHYSICAL DESCRIPTION | |
| Extent | 454 s. |
| Dimensions | 21 cm |
| 366 ## - TRADE AVAILABILITY INFORMATION | |
| Note | 80000 výtl. |
| 490 1# - SERIES STATEMENT | |
| Series statement | Zelená knižnica |
| 655 #7 - INDEX TERM--GENRE/FORM | |
| Genre/form data or focus term | holandské romány |
| Source of term | SNKPH |
| 655 #7 - INDEX TERM--GENRE/FORM | |
| Genre/form data or focus term | detektívne romány |
| Source of term | SNKPH |
| 700 1# - ADDED ENTRY--PERSONAL NAME | |
| Personal name | Heeresma, Heere, |
| Dates associated with a name | 1932-2011 |
| Relationship | aut |
| 700 1# - ADDED ENTRY--PERSONAL NAME | |
| Personal name | Májeková, Júlia, |
| Dates associated with a name | 1919-1991 |
| Relationship | trl |
| 700 1# - ADDED ENTRY--PERSONAL NAME | |
| Personal name | Longauer, Ľubomír, |
| Dates associated with a name | 1948-2025 |
| Relationship | bjd |
| 700 12 - ADDED ENTRY--PERSONAL NAME | |
| Personal name | Heeresma, Faber, |
| Dates associated with a name | 1939-1969 |
| Title of a work | Bonbons voor Belinda |
| Language of a work | Slovensky |
| 700 12 - ADDED ENTRY--PERSONAL NAME | |
| Personal name | Heeresma, Faber, |
| Dates associated with a name | 1939-1969 |
| Title of a work | Bijzonder Spaans |
| Language of a work | Slovensky |
| 700 12 - ADDED ENTRY--PERSONAL NAME | |
| Personal name | Heeresma, Faber, |
| Dates associated with a name | 1939-1969 |
| Title of a work | Hallo hallo ... Bent u dar Plotsky? |
| Language of a work | Slovensky |
| 700 12 - ADDED ENTRY--PERSONAL NAME | |
| Personal name | Heeresma, Heere, |
| Dates associated with a name | 1932-2011 |
| Title of a work | Bonbons voor Belinda |
| Language of a work | Slovensky |
| 700 12 - ADDED ENTRY--PERSONAL NAME | |
| Personal name | Heeresma, Heere, |
| Dates associated with a name | 1932-2011 |
| Title of a work | Bijzonder Spaans |
| Language of a work | Slovensky |
| 700 12 - ADDED ENTRY--PERSONAL NAME | |
| Personal name | Heeresma, Heere, |
| Dates associated with a name | 1932-2011 |
| Title of a work | Hallo hallo ... Bent u dar Plotsky? |
| Language of a work | Slovensky |
| 740 02 - ADDED ENTRY--UNCONTROLLED RELATED/ANALYTICAL TITLE | |
| Uncontrolled related/analytical title | Špeciálne po španielsky |
| 740 02 - ADDED ENTRY--UNCONTROLLED RELATED/ANALYTICAL TITLE | |
| Uncontrolled related/analytical title | Haló, haló... ste to vy, Plotsky? |
| 830 #0 - SERIES ADDED ENTRY--UNIFORM TITLE | |
| Uniform title | Zelená knižnica |
| 942 ## - ADDED ENTRY ELEMENTS (KOHA) | |
| Source of classification or shelving scheme | Dewey Decimal Classification |
| Koha item type | Krásna literatúra pre dospelých |
| Suppress in OPAC | No |
| 949 ## - LOCAL PROCESSING INFORMATION (OCLC) | |
| 6 | 17A0914758 |
| a | snkSC 60719 |
| b | snkKSP 5071/84 |
| 949 ## - LOCAL PROCESSING INFORMATION (OCLC) | |
| 6 | 17A1280801 |
| a | snkSC 60719 D1 |
| b | snkKSP 5072/84 |
| 949 ## - LOCAL PROCESSING INFORMATION (OCLC) | |
| 6 | 4710701221 |
| a | strmkB |
| b | strmk2008/1221 |
| 949 ## - LOCAL PROCESSING INFORMATION (OCLC) | |
| 6 | 4710701222 |
| a | strmkB |
| b | strmk2008/1222 |
| 949 ## - LOCAL PROCESSING INFORMATION (OCLC) | |
| 6 | 4710700505 |
| a | strmkB |
| b | strmk2008/505 |
| 949 ## - LOCAL PROCESSING INFORMATION (OCLC) | |
| 6 | 273K0093670 |
| a | svkpoA 130007 |
| b | svkpo306159 |
| Stav vyradenia | Strata | Poškodenie | Spôsob nadobudnutia | Domovská knižnica | Aktuálna knižnica | Dátum nadobudnutia | Total checkouts | Čiarový kód exemplára | Date last seen | Typ exemplára |
|---|---|---|---|---|---|---|---|---|---|---|
| Dar | Obecná knižnica Horná Štubňa | Obecná knižnica Horná Štubňa | 29.01.2026 | 4736200823 | 29.01.2026 | Krásna literatúra pre dospelých |
